000 01609cam a2200229 4500
008 021204n2002 000 0 eng u
035 _a(Sirsi) u120660
245 _aWest Hampstead Management Property Co Ltd v Pearl Property Ltd
260 _c2002
490 _aEstates Gazette Law Reports
_v[2002] 45 EG 155-161(7)
490 _aCourt of Appeal (Civil Division)
_v[2002] EWCA Civ 1372
520 _aCA 26 July 2002. The appellant company (W) was the nominee purchaser set up by three of the lessees of a block of flats in order to acquire the freehold reversion under the Leasehold Reform, Housing and Urban Development Act 1993. The leasehold valuation tribunal set the price payable for the freehold at £450 000, based upon a valuation date of 22 February 2000. Previously the nominee purchaser had sought a determination of £390 000 based on a valuation date of 5 May 1999. The respondent landlord (P) had sought a price of £605 000 based upon a date of 22 February 2000. The Lands Tribunal dismissed W's appeal and allowed P's cross-appeal, determining the price at £519 000, deciding "inter alia" that the valuation date was 22 February 2000. W appealed, arguing that the valuation date was 5 May 1999. "Held", the appeal was dismissed.
650 _aLEASEHOLD ENFRANCHISEMENT
650 _aLEASEHOLD REFORM, HOUSING AND URBAN DEVELOPMENT ACT 1993
650 _aLEASES
650 _aUNDERLEASES
650 _aVALUATION DATE
650 _aWEST HAMPSTEAD MANAGEMENT PROPERTY CO
650 _aLEASEHOLD VALUATION TRIBUNAL
690 _aLANDLORD AND TENANT-LEASES-CASE LAW
942 _n0
999 _c71704
_d71704